Λειτουργικά συστήματα : για τα μαθήματα "Εισαγωγή στα Λειτουργικά Συστήματα" της Α' τάξης και "Λειτουργικά Συστήματα της Β' τάξης"

Αποθηκεύτηκε σε:
Λεπτομέρειες βιβλιογραφικής εγγραφής
Συγγραφή απο Οργανισμό/Αρχή: Υπουργείο Εθνικής Παιδείας και Θρησκευμάτων Παιδαγωγικό Ινστιτούτο
Άλλοι συγγραφείς: Γώγουλος, Γεώργιος
Μορφή: Βιβλίο
Γλώσσα:Greek
Δημοσίευση: Αθήνα : Οργανισμός Εκδόσεως Διδακτικών Βιβλίων, 2003.
Έκδοση:2η έκδ.
Θέματα:
Ετικέτες: Προσθήκη ετικέτας
Δεν υπάρχουν, Καταχωρήστε ετικέτα πρώτοι!

MARC

LEADER 00000cam a2200000 i 4500
001 1/73737
008 050318s2003 gr | ||| |||| ||gre||
035 |l 10077175 
040 |a GR-MyUA  |b gre  |e AACR2 
041 0 |a gre 
082 0 |a 005.43  |2 (21) 
245 1 0 |a Λειτουργικά συστήματα :   |b για τα μαθήματα "Εισαγωγή στα Λειτουργικά Συστήματα" της Α' τάξης και "Λειτουργικά Συστήματα της Β' τάξης" /   |c Γ. Γώγουλος ... [κ. ά.]. 
250 |a 2η έκδ.  
260 |a Αθήνα :   |b Οργανισμός Εκδόσεως Διδακτικών Βιβλίων,   |c 2003.  
300 |a 207 σ. :   |b εικ. ;   |c 28 εκ.  
500 |a Τεχνικά επαγγελματικά εκπαιδευτήρια, τομέας πληροφορικής-δικτύων Η/Υ, 1ος κύκλος, κατεύθυνση:υποστήριξη συστημάτων υπολογιστών, βιβλίο μαθητή.  
504 |a Βιβλιογραφία: σ. 207.  
650 0 0 |a Operating systems (Computers)  |x Study and teaching (higher) 
700 1 |a Γώγουλος, Γεώργιος. 
710 2 |a Υπουργείο Εθνικής Παιδείας και Θρησκευμάτων  |b Παιδαγωγικό Ινστιτούτο. 
852 |a INST  |b SAMOS  |e 20050318  |h 005.43 ΛΕΙ  |p 005300025300  |q 005300025300  |t BK  |y 0 
901 |a BIBL3-2005-1 
909 |a Σ  |b 114407 
970 |a ΜΑΛΑΓΑΡΗ  |b ΦΩΤΕΙΝΗ  |z 2005/03/18